| 000 | 01789nam0a2200349 4500 | ||
|---|---|---|---|
| 001 | RU\NLR\bibl\1828293 | ||
| 005 | 20260408051643.0 | ||
| 010 |
_a978-5-7782-1711-9 _9500 |
||
| 021 |
_aRU _b2011-75713 _95381 |
||
| 035 | _a(NLR Aleph) 001818810 | ||
| 090 |
_a1976326 _c1976326 |
||
| 100 | _a20111101d2011 |||y0rusy50 ca | ||
| 101 | 0 | _arus | |
| 102 | _aRU | ||
| 105 | _aa ||||||||| | ||
| 200 | 1 |
_aПроблемы и перспективы развития образования в России _eсборник материалов X Международной научно-практической конференции, Новосибирск, 28 июня 2011 г. _fпод общ. ред. С. С. Чернова |
|
| 210 |
_aНовосибирск _cЦРНС _d2011 |
||
| 215 |
_a402 с. _cил. _d20 |
||
| 300 | _aВ надзаг.: Центр научного сотрудничества | ||
| 320 | _aБиблиогр. в конце докл. | ||
| 606 | 1 |
_aОбразование _jСъезды, совещания и т.п. _yРоссийская Федерация _92296847 _3RU\NLR\auth\661375304 |
|
| 686 | _aЧ34(2Р)я431 | ||
| 702 | 1 |
_4340 _8rus _7ca _aЧернов _bС. С. _cканд. экон. наук _f1979- _gСергей Сергеевич _3RU\NLR\AUTH\7768307 _951235 |
|
| 711 | 1 | 2 |
_a"Проблемы и перспективы развития образования в России", международная научно-практическая конференция _d10 _f2011 _eНовосибирск _3RU\NLR\AUTH\8810197294 _9283609 |
| 801 | 0 |
_aRU _bNLR _c20111101 _gRCR |
|
| 801 | 1 |
_aRU _bNLR _c20111101 |
|
| 942 | _cBOOK | ||
| 980 | _aNB | ||
| 980 | _aNBR | ||